Top 5 Basketball Players of All Time - Statistics

General Stats
  • This quiz has been taken 183 times
  • The average score is 4 of 5
Answer Stats
Hint Answer % Correct
3 LeBron James
94%
1 Michael Jordan
91%
5 Kobe Bryant
80%
2 Kareem Abdul-Jabbar
67%
4 Wilt Chamberlain
52%
No matching quizzes found
Score Distribution
Percent of People with Each Score
Percentile by Number Answered
Your Score History
You have not taken this quiz